000 00195nam a22000977a 4500
082 _a823
_bBLY/F
100 _aBLYTON, ENID
245 _aFIFTEEN MINUTE TALES
650 _aENGLISH STORY
942 _cBK
999 _c7694
_d7694